[Event "SR 3. liga A2 2014/2015"]
[Site "?"]
[Date "2015.02.22"]
[Round "9.1"]
[White "Hrubos, Milan"]
[Black "Vogl, Zdenek"]
[Result "0-1"]
[WhiteElo "1771"]
[BlackElo "1909"]
[PlyCount "112"]
[EventDate "2015.??.??"]

1. e4 e5 2. Nf3 Nc6 3. Bb5 a6 4. Ba4 Nf6 5. O-O b5 6. Bb3 Be7 7. Re1 O-O 8. d4
exd4 9. Nxd4 Nxd4 10. e5 Ne8 11. Qxd4 c5 12. Qe4 Rb8 13. c3 Bb7 14. Qg4 d6 15.
Bf4 Bc8 16. Qg3 dxe5 17. Bxe5 Bd6 18. Bc2 Bxe5 19. Qxe5 Bb7 20. Rd1 Qc7 21.
Qxc7 Nxc7 22. Nd2 Ne6 23. Ne4 Rbd8 24. Nd6 Ba8 25. a4 b4 26. Ne4 b3 27. Bd3 c4
28. Bxc4 Bxe4 29. Bxb3 Rb8 30. Bxe6 fxe6 31. b4 Bd5 32. a5 Rfc8 33. Rac1 Rc4
34. f3 Rbc8 35. Rd3 Rxb4 36. cxb4 Rxc1+ 37. Kf2 Rc4 38. Ra3 Rxb4 39. g4 Kf7 40.
h4 Rb3 41. Rxb3 Bxb3 42. f4 Ke7 43. Ke3 Kd6 44. Kd4 Kc6 45. g5 Kb5 46. Ke5 Kxa5
47. Kd6 Kb6 48. Ke7 Kc6 49. Kf8 Kd6 50. Kxg7 Bc2 51. h5 a5 52. g6 hxg6 53. h6
g5 54. fxg5 a4 55. g6 a3 56. h7 a2 0-1

[Event "SR 3. liga A2 2014/2015"]
[Site "?"]
[Date "2015.02.22"]
[Round "9.1"]
[White "Hrubsa, Marian"]
[Black "Benak, Peter"]
[Result "1-0"]
[WhiteElo "1826"]
[BlackElo "1615"]
[PlyCount "62"]
[EventDate "2015.??.??"]

1. e4 Nf6 2. e5 Nd5 3. d4 d6 4. c4 Nb6 5. f4 dxe5 6. fxe5 Nc6 7. Nf3 Bg4 8. Be3
e6 9. a3 Be7 10. Be2 Qd7 11. O-O O-O 12. Nc3 Rad8 13. d5 exd5 14. cxd5 Nxd5 15.
Nxd5 Qxd5 16. Qxd5 Rxd5 17. Bc4 Bxf3 18. Rxf3 Rxe5 19. Kh1 Bf6 20. Raf1 b6 21.
g4 h6 22. Bxh6 Re7 23. Rxf6 gxf6 24. Bxf8 Kxf8 25. Rxf6 Ne5 26. Be2 Nd7 27. Rf2
f6 28. Kg2 Kg7 29. h4 Nc5 30. Kf3 Ne4 31. Rg2 Nd2+ {time} 1-0

[Event "SR 3. liga A2 2014/2015"]
[Site "?"]
[Date "2015.02.22"]
[Round "9.1"]
[White "Pivacek, Jozef"]
[Black "Kubik, Peter"]
[Result "0-1"]
[WhiteElo "1000"]
[BlackElo "1826"]
[PlyCount "60"]
[EventDate "2015.??.??"]

1. e4 e5 2. Nf3 Nc6 3. Bb5 Nf6 4. O-O Nxe4 5. Re1 Nd6 6. Bxc6 dxc6 7. Nxe5 Be7
8. d4 O-O 9. Nc3 Nf5 10. Ne2 Be6 11. c3 Bd6 12. Nf4 Re8 13. Qh5 g6 14. Nxe6
Rxe6 15. Qg4 Qe7 16. Bf4 Re8 17. Kf1 h5 18. Qf3 Qh4 19. Bg3 Nxg3+ 20. fxg3 Qe7
21. Nd3 Qg5 22. Nf4 Bxf4 23. gxf4 Qb5+ 24. Kf2 Qxb2+ 25. Kf1 Rxe1+ 26. Rxe1
Rxe1+ 27. Kxe1 Qxa2 28. f5 Qb1+ 29. Kd2 Qxf5 30. Qg3 g5 0-1

[Event "SR 3. liga A2 2014/2015"]
[Site "?"]
[Date "2015.02.22"]
[Round "9.2"]
[White "Danada, Tomas"]
[Black "Liptak, Tomas"]
[Result "1/2-1/2"]
[WhiteElo "2118"]
[BlackElo "2168"]
[PlyCount "62"]
[EventDate "2015.??.??"]

1. d4 Nf6 2. Nf3 g6 3. c4 Bg7 4. Nc3 O-O 5. e4 d6 6. Be2 Nbd7 7. O-O e5 8. Qc2
c6 9. Rd1 Qc7 10. dxe5 dxe5 11. Rb1 a5 12. b3 Nh5 13. Bf1 Nf4 14. a3 Ne6 15. b4
axb4 16. axb4 f5 17. c5 Nd4 18. Nxd4 exd4 19. Ne2 fxe4 20. Nxd4 Nf6 21. h3 Nd5
22. Bc4 Kh8 23. Bxd5 cxd5 24. Be3 Be5 25. c6 Kg8 26. b5 Qd6 27. cxb7 Bxb7 28.
Nc6 Bxc6 29. bxc6 Bf6 30. Bd2 Rfb8 31. Rb7 Be5 1/2-1/2

[Event "SR 3. liga A2 2014/2015"]
[Site "?"]
[Date "2015.02.22"]
[Round "9.2"]
[White "Kovacocy, Pavel"]
[Black "Veselsky, Jozef"]
[Result "1/2-1/2"]
[WhiteElo "2192"]
[BlackElo "2133"]
[PlyCount "99"]
[EventDate "2015.??.??"]

1. c4 c5 2. Nf3 Nc6 3. d4 cxd4 4. Nxd4 Nf6 5. f3 g6 6. e4 Bg7 7. Nc2 O-O 8. Nc3
d6 9. Bd2 Be6 10. Rc1 Nd7 11. b3 Nce5 12. Nd4 Nd3+ 13. Bxd3 Bxd4 14. Ne2 Ne5
15. Qc2 Qb6 16. Nxd4 Qxd4 17. Ke2 f5 18. Be3 Qxd3+ 19. Qxd3 Nxd3 20. Kxd3 fxe4+
21. fxe4 Bd7 22. Rhf1 Bc6 23. Bh6 Rf7 24. Rf3 Rxf3+ 25. gxf3 Kf7 26. Rg1 b5 27.
cxb5 Bxb5+ 28. Kd2 Bd7 29. Be3 Rc8 30. Rg5 a6 31. Ra5 Rc6 32. h4 Be6 33. h5 d5
34. hxg6+ hxg6 35. exd5 Rd6 36. Ke2 Bxd5 37. f4 e6 38. Rc5 Rc6 39. Rxc6 Bxc6
40. Kd3 Kf6 41. Kd4 Kf5 42. Bd2 Bf3 43. Ke3 Bd1 44. Bc3 Bc2 45. Bg7 g5 46. fxg5
Kxg5 47. Kd4 Kf5 48. Be5 Bd1 49. Bc7 Be2 50. b4 1/2-1/2

[Event "SR 3. liga A2 2014/2015"]
[Site "?"]
[Date "2015.02.22"]
[Round "9.2"]
[White "Sarmir, Milos"]
[Black "Ambros, Rafael"]
[Result "1/2-1/2"]
[WhiteElo "2011"]
[BlackElo "1994"]
[PlyCount "101"]
[EventDate "2015.??.??"]

1. e4 c5 2. Nf3 Nc6 3. d4 cxd4 4. Nxd4 g6 5. Be2 Bg7 6. c3 Nf6 7. Nxc6 bxc6 8.
Qc2 O-O 9. O-O d5 10. exd5 cxd5 11. Bf4 Bf5 12. Bd3 Bxd3 13. Qxd3 Qb6 14. b3 e6
15. Be5 Rac8 16. Nd2 Qc6 17. Rfc1 Nh5 18. Bxg7 Nxg7 19. c4 Rfd8 20. c5 e5 21.
b4 e4 22. Qe2 Rb8 23. Rab1 a6 24. a3 Ne6 25. Nb3 Qa4 26. Na5 Rdc8 27. Qe3 f5
28. Qd2 d4 29. Qa2 Kf7 30. Nc4 Rd8 31. c6 Kf6 32. Na5 Rbc8 33. Qc4 Qb5 34. Qb3
Nf4 35. Rc5 Qe2 36. Qd1 d3 37. Nc4 Ne6 38. c7 Qxd1+ 39. Rxd1 Rxc7 40. Rxc7 Nxc7
41. Kf1 Nb5 42. Ke1 Nd4 43. Kd2 Rc8 44. Kc3 Ne2+ 45. Kb3 g5 46. a4 Nd4+ 47. Kc3
Ne2+ 48. Kb3 Nd4+ 49. Kc3 Nb5+ 50. Kb3 Nd4+ 51. Kc3 1/2-1/2

[Event "SR 3. liga A2 2014/2015"]
[Site "?"]
[Date "2015.02.22"]
[Round "9.2"]
[White "Pribila, Michal"]
[Black "Vagovsky, Jozef"]
[Result "1/2-1/2"]
[WhiteElo "2086"]
[BlackElo "1927"]
[PlyCount "56"]
[EventDate "2015.??.??"]

1. e4 c6 2. d4 d5 3. Nc3 dxe4 4. Nxe4 Nd7 5. Bc4 Ngf6 6. Ng5 e6 7. N1f3 Nb6 8.
Bb3 h6 9. Nh3 Bd6 10. Qe2 a5 11. a4 Qc7 12. Ne5 O-O 13. f4 c5 14. Be3 Nbd5 15.
Bf2 b6 16. g4 Ba6 17. c4 cxd4 18. Bxd4 Bb4+ 19. Kf1 Bc5 20. Bxc5 Qxc5 21. Re1
Rfd8 22. g5 hxg5 23. fxg5 Nd7 24. Nd3 Bxc4 25. Bxc4 Qxc4 26. Rg1 Nc5 27. Nxc5
Qxe2+ 28. Kxe2 bxc5 1/2-1/2

[Event "SR 3. liga A2 2014/2015"]
[Site "?"]
[Date "2015.02.22"]
[Round "9.2"]
[White "Markuliak, Mario"]
[Black "Kubis, Ivan"]
[Result "1-0"]
[WhiteElo "1811"]
[BlackElo "1991"]
[PlyCount "97"]
[EventDate "2015.??.??"]

1. c4 e5 2. Nc3 Nf6 3. g3 Bb4 4. Bg2 O-O 5. Nf3 Nc6 6. O-O Re8 7. a3 Bxc3 8.
bxc3 d5 9. cxd5 Nxd5 10. Qc2 Bg4 11. d3 Qd7 12. Re1 h6 13. Nd2 Bh3 14. Bh1 Rad8
15. a4 b6 16. Nc4 a5 17. Rb1 f5 18. Rb5 Nf6 19. Ba3 e4 20. d4 Kh7 21. Bg2 Bxg2
22. Kxg2 Nd5 23. Bd6 Qf7 24. Ne5 Nxe5 25. Bxe5 Re6 26. Rb3 Rc6 27. Qb2 Rc4 28.
Ra3 Qd7 29. Rc1 Rxa4 30. Rxa4 Qxa4 31. c4 Nb4 32. Bxc7 Rd7 33. Bxb6 e3 34. Bc5
exf2 35. Kxf2 Rf7 36. Ra1 Qe8 37. Bxb4 axb4 38. Qxb4 f4 39. Qb1+ g6 40. Qd3
fxg3+ 41. Kxg3 Qb8+ 42. Kg2 Qf4 43. Qf3 Qg5+ 44. Qg3 Qd2 45. Qe5 Qb2 46. Rf1
Qb7+ 47. Qd5 Qxd5+ 48. cxd5 Rd7 49. e4 1-0

[Event "SR 3. liga A2 2014/2015"]
[Site "?"]
[Date "2015.02.22"]
[Round "9.2"]
[White "Jozefovic, Milan"]
[Black "Hornak, Pavol"]
[Result "1-0"]
[WhiteElo "1891"]
[BlackElo "1766"]
[PlyCount "193"]
[EventDate "2015.??.??"]

1. e4 c5 2. Nf3 e6 3. Bc4 Nc6 4. Nc3 a6 5. a4 Qc7 6. O-O g6 7. d4 cxd4 8. Nxd4
Bg7 9. Nxc6 bxc6 10. Qf3 d5 11. exd5 cxd5 12. Bb3 Ne7 13. Bg5 O-O 14. Rfe1 Bb7
15. Bxe7 d4 16. Nd5 exd5 17. Bxf8 Rxf8 18. Re2 Rd8 19. Rae1 Bf8 20. Re8 Kg7 21.
Rxd8 Qxd8 22. Qf4 Bc5 23. Qe5+ Qf6 24. Qxf6+ Kxf6 25. g3 Bc6 26. Kg2 g5 27. g4
Bd6 28. h3 h6 29. f3 Be5 30. Rd1 Ke6 31. Rd3 f6 32. c3 dxc3 33. bxc3 Kd6 34.
Kf2 a5 35. Ke2 Kc5 36. Kd2 Bf4+ 37. Kc2 Be5 38. Rd1 Bb7 39. Rf1 Ba6 40. Rh1 Be2
41. Re1 Bxf3 42. Kb2 Bg2 43. Bd1 Be4 44. Be2 d4 45. cxd4+ Bxd4+ 46. Ka3 Bc3 47.
Rc1 Kd4 48. Rd1+ Ke3 49. Bc4 Bc2 50. Rf1 Be5 51. Bb3 Be4 52. Re1+ Kd4 53. Re2
Bd3 54. Re1 Bd6+ 55. Ka2 Be5 56. Rh1 Ke3 57. h4 Kf4 58. Be6 Be2 59. hxg5 hxg5
60. Rg1 Bd4 61. Rg2 Bf3 62. Rc2 Ke5 63. Bf5 Bd5+ 64. Kb1 Be4 65. Bxe4 Kxe4 66.
Rc4 Kd3 67. Rc1 Ke3 68. Rf1 Be5 69. Kc2 Bf4 70. Kd1 Be5 71. Rf5 Kd4 72. Rf2 Kc4
73. Re2 Kd3 74. Re1 Bf4 75. Re6 Be5 76. Ra6 Bc3 77. Rd6+ Ke4 78. Rc6 Bd4 79.
Ke1 Ke3 80. Kf1 Kd3 81. Kg2 Be5 82. Kf3 Bc3 83. Rc7 Bd4 84. Rd7 Kc4 85. Ke4 Be5
86. Rb7 Bd4 87. Rb5 Bc3 88. Kf5 Kd3 89. Rb3 Kd4 90. Kxf6 Bd2 91. Rb5 Ke4 92.
Rxg5 Kf4 93. Rg8 Bc3+ 94. Kf7 Ke5 95. g5 Kd6 96. g6 Be5 97. Rc8 1-0

[Event "SR 3. liga A2 2014/2015"]
[Site "?"]
[Date "2015.02.22"]
[Round "9.2"]
[White "Kavuljak, Alojz"]
[Black "Kocak, Branislav"]
[Result "1-0"]
[WhiteElo "1645"]
[BlackElo "1912"]
[PlyCount "89"]
[EventDate "2015.??.??"]

1. e4 c5 2. Nf3 d6 3. d4 cxd4 4. Nxd4 Nf6 5. Nc3 a6 6. Be2 e5 7. Nf3 Qc7 8. O-O
Be6 9. Ng5 Bc4 10. Bd3 Nbd7 11. Be3 Be7 12. Qd2 O-O 13. h3 Rac8 14. Kh1 b5 15.
a3 Qb7 16. f4 exf4 17. Bxf4 Ne5 18. Nf3 Bxd3 19. cxd3 Nxf3 20. Rxf3 d5 21. e5
Nd7 22. d4 b4 23. Ne2 Nb6 24. Qd3 bxa3 25. bxa3 Nc4 26. a4 a5 27. Ng3 g6 28.
Bh6 Rfd8 29. Raf1 Bf8 30. Bg5 Rd7 31. h4 Rc6 32. Bf6 Qc8 33. h5 Rb7 34. hxg6
hxg6 35. Ne2 Rb2 36. Rh3 Bg7 37. Bxg7 Kxg7 38. Qg3 Rxe2 39. Qf3 Qe6 40. Qxe2
Nd6 41. Qd2 Nf5 42. g4 Kf8 43. gxf5 gxf5 44. Qg5 Ke8 45. Rh8+ 1-0

[Event "SR 3. liga A2 2014/2015"]
[Site "?"]
[Date "2015.02.22"]
[Round "9.3"]
[White "Sturdik, Igor"]
[Black "Skreno, Vladimir"]
[Result "0-1"]
[WhiteElo "1990"]
[BlackElo "2244"]
[PlyCount "84"]
[EventDate "2015.??.??"]

1. e4 c5 2. Nf3 Nc6 3. d4 cxd4 4. Nxd4 Nf6 5. Nc3 g6 6. Be3 Bg7 7. Bc4 O-O 8.
Bb3 Ng4 9. Qxg4 Nxd4 10. Qd1 Nxb3 11. axb3 b6 12. Bd4 f6 13. h4 Bb7 14. h5 Qc7
15. hxg6 hxg6 16. Qg4 Kf7 17. O-O-O Bc6 18. f4 Rh8 19. f5 gxf5 20. Qxf5 Qg3 21.
Qf3 Bh6+ 22. Kb1 Qxf3 23. gxf3 Bf4 24. Ne2 Bd6 25. c4 Rag8 26. Kc2 Rxh1 27.
Rxh1 Rg2 28. Kd3 e5 29. Be3 f5 30. Rf1 Ke6 31. Rf2 fxe4+ 32. fxe4 Rg4 33. Nc3
Rg3 34. Nd5 Bxd5 35. cxd5+ Ke7 36. Ke2 Rxe3+ 37. Kxe3 Bc5+ 38. Kf3 Bxf2 39.
Kxf2 Kf6 40. b4 Kg5 41. Kg3 a6 42. b3 d6 0-1

[Event "SR 3. liga A2 2014/2015"]
[Site "?"]
[Date "2015.02.22"]
[Round "9.3"]
[White "Bisco, Igor"]
[Black "Nicolini, Alexander"]
[Result "1/2-1/2"]
[WhiteElo "2079"]
[BlackElo "2120"]
[PlyCount "137"]
[EventDate "2015.??.??"]

1. e4 c6 2. d4 d5 3. Nc3 g6 4. Nf3 Bg7 5. Be2 Nh6 6. Bf4 dxe4 7. Nxe4 Nf5 8. c3
O-O 9. Qd2 b6 10. O-O Nd6 11. Ng3 Nd7 12. Rfe1 Re8 13. Rad1 Nf8 14. Ne5 Bb7 15.
Bf3 Rc8 16. Bh6 Bh8 17. h4 f6 18. Nd3 Qd7 19. Nc5 bxc5 20. dxc5 Red8 21. cxd6
exd6 22. Ne4 d5 23. Nc5 Qf7 24. Bg4 f5 25. Bxf5 gxf5 26. Qg5+ Ng6 27. h5 Bf6
28. hxg6 hxg6 29. Qg3 Ba8 30. Re6 Re8 31. Rde1 Rxe6 32. Rxe6 Re8 33. Qd6 Rxe6
34. Nxe6 Qe7 35. Qxe7 Bxe7 36. Be3 a6 37. Bc5 Kf7 38. Bxe7 Kxe6 39. Bc5 Bb7 40.
f4 a5 41. Kf2 Ba6 42. Ke3 Kd7 43. Kd4 Kc7 44. Be7 Be2 45. Kc5 Bd1 46. Bd6+ Kb7
47. Be5 Be2 48. Bf6 Kc7 49. Be7 Bf1 50. g3 Bd3 51. Kd4 Be2 52. Bc5 Bd1 53. Ke5
Be2 54. Kf6 Bh5 55. a4 Kb7 56. b4 Ka6 57. Bd4 axb4 58. cxb4 Kb7 59. b5 cxb5 60.
axb5 Kc7 61. Kg5 Kb7 62. g4 Bxg4 63. Kxg6 Be2 64. b6 Bd3 65. Kf6 Kc6 66. Ke7
Be4 67. Kd8 Kb7 68. Kd7 Bh1 69. Ke6 1/2-1/2

[Event "SR 3. liga A2 2014/2015"]
[Site "?"]
[Date "2015.02.22"]
[Round "9.3"]
[White "Kolenak, Matus"]
[Black "Slamena, Michal"]
[Result "1-0"]
[WhiteElo "1977"]
[BlackElo "1993"]
[PlyCount "89"]
[EventDate "2015.??.??"]

1. d4 Nf6 2. c4 c5 3. d5 b5 4. cxb5 a6 5. b6 Qxb6 6. Nc3 d6 7. e4 g6 8. Nf3 Bg7
9. Nd2 O-O 10. Nc4 Qc7 11. Be2 Nbd7 12. O-O Nb6 13. Bg5 Bb7 14. Qd2 Rfe8 15.
Bh6 Bh8 16. h4 e6 17. Nxb6 Qxb6 18. h5 exd5 19. exd5 Ne4 20. Nxe4 Rxe4 21. Be3
Rae8 22. Bf3 Rb4 23. b3 a5 24. Rac1 Bd4 25. Rfe1 Be5 26. g3 a4 27. Bd1 Qd8 28.
hxg6 hxg6 29. Rc4 axb3 30. axb3 Qf6 31. Bg5 Qg7 32. Rxb4 cxb4 33. Re4 f6 34.
Bf4 Qf7 35. Bxe5 Rxe5 36. Rxb4 Bxd5 37. Qc3 Qe7 38. Bf3 Bxf3 39. Qxf3 d5 40.
Qc3 Qf7 41. Rb8+ Kg7 42. Qc8 Kh6 43. Qh8+ Qh7 44. Qxf6 Rf5 45. Qd4 1-0

[Event "SR 3. liga A2 2014/2015"]
[Site "?"]
[Date "2015.02.22"]
[Round "9.3"]
[White "Racik, Marek"]
[Black "Bukovsky, Milan"]
[Result "1/2-1/2"]
[WhiteElo "1903"]
[BlackElo "1922"]
[PlyCount "120"]
[EventDate "2015.??.??"]

1. Nf3 Nf6 2. c4 e6 3. g3 b6 4. Bg2 Bb7 5. O-O Be7 6. Nc3 O-O 7. d4 Ne4 8. d5
Nxc3 9. bxc3 Bf6 10. Qd3 exd5 11. cxd5 Ba6 12. Qc2 Re8 13. Re1 d6 14. Bb2 Nd7
15. Rac1 Nc5 16. c4 Bxb2 17. Qxb2 Bc8 18. Nd4 Qf6 19. e4 Nd3 20. Qd2 Nxc1 21.
Rxc1 Bd7 22. f4 Rac8 23. Rf1 Qh6 24. Qf2 a6 25. e5 Kh8 26. Re1 Re7 27. e6 Be8
28. Nf5 Qf6 29. Nxe7 Qxe7 30. exf7 Qxf7 31. Bh3 Bd7 32. Bxd7 Qxd7 33. Qe3 Kg8
34. Kg2 Kf7 35. Qd3 Kg8 36. f5 c6 37. Qe4 cxd5 38. Qxd5+ Kf8 39. Re6 Qc6 40.
Rxd6 Qxd5+ 41. cxd5 Ke7 42. Rxb6 Rc2+ 43. Kf3 Rxa2 44. Kg4 Rxh2 45. Rxa6 Rd2
46. Re6+ Kf7 47. d6 g6 48. Kg5 gxf5 49. Re7+ Kf8 50. Rxh7 Rxd6 51. Kxf5 Ra6 52.
g4 Ra5+ 53. Kf6 Ra6+ 54. Kg5 Kg8 55. Rd7 Ra5+ 56. Kh4 Rb5 57. g5 Ra5 58. Kh5
Ra6 59. g6 Ra1 60. Rd5 Kg7 1/2-1/2

[Event "SR 3. liga A2 2014/2015"]
[Site "?"]
[Date "2015.02.22"]
[Round "9.3"]
[White "Doucha, Ludvik"]
[Black "Drgon, Matus"]
[Result "1-0"]
[WhiteElo "2006"]
[BlackElo "1754"]
[PlyCount "127"]
[EventDate "2015.??.??"]

1. e4 c5 2. c4 d6 3. Ne2 g6 4. d4 cxd4 5. Nxd4 Bg7 6. Be2 Nf6 7. Nc3 Nc6 8. Be3
O-O 9. O-O Bd7 10. Rc1 Rc8 11. b3 Nxd4 12. Bxd4 Bc6 13. f3 b6 14. Qd2 Qc7 15.
Rfd1 Rfd8 16. Nd5 Bxd5 17. cxd5 Qb8 18. Ba6 Rxc1 19. Rxc1 Nd7 20. b4 h6 21.
Bxg7 Kxg7 22. Qc3+ Kg8 23. Qc7 Kf8 24. Bb5 Ne5 25. Qc3 Kg8 26. Qc7 Kf8 27. h3
g5 28. Kf2 Qxc7 29. Rxc7 a6 30. Be2 Ra8 31. g3 a5 32. b5 Rb8 33. f4 Ng6 34. Ke3
gxf4+ 35. gxf4 f6 36. Bh5 Nh8 37. e5 dxe5 38. fxe5 fxe5 39. Ke4 Nf7 40. Bxf7
Kxf7 41. Kxe5 Rg8 42. Rc6 Rg5+ 43. Ke4 Rh5 44. Rxb6 Rxh3 45. Rc6 Rh4+ 46. Ke5
Rh1 47. b6 Rb1 48. Rxh6 Ke8 49. Rc6 Kd7 50. Kd4 Rb2 51. a3 Rb1 52. Kc4 Rb2 53.
Kc5 Rb3 54. Rc7+ Kd8 55. Kc6 Rxa3 56. Kb7 Rd3 57. Rc5 a4 58. Ka7 a3 59. b7 Rb3
60. b8=Q+ Rxb8 61. Kxb8 Kd7 62. Ra5 Kd6 63. Kc8 a2 64. Kd8 1-0

[Event "SR 3. liga A2 2014/2015"]
[Site "?"]
[Date "2015.02.22"]
[Round "9.3"]
[White "Gajarsky, Roman"]
[Black "Mosny, Jaroslav"]
[Result "0-1"]
[WhiteElo "1787"]
[BlackElo "1998"]
[PlyCount "78"]
[EventDate "2015.??.??"]

1. e4 e5 2. Nf3 d6 3. d4 exd4 4. Nxd4 g6 5. Be3 Bg7 6. c3 Nf6 7. Qc2 O-O 8. Be2
Re8 9. Nd2 d5 10. Bf3 Ng4 11. Bxg4 Bxg4 12. h3 Bc8 13. O-O-O Nc6 14. g4 Nxd4
15. cxd4 dxe4 16. Nxe4 Qd5 17. Nc3 Qc4 18. Qd3 Qxd3 19. Rxd3 c6 20. Rhd1 Be6
21. a3 Bc4 22. R3d2 Bb3 23. Rh1 Rad8 24. h4 a5 25. h5 b5 26. h6 Bf8 27. Bg5 Rd7
28. f3 f5 29. gxf5 gxf5 30. Bf6 Kf7 31. Be5 b4 32. axb4 axb4 33. Nb1 c5 34. f4
cxd4 35. Rxd4 Rc8+ 36. Kd2 Rc2+ 37. Ke3 Bc5 38. Nd2 Rxd2 39. Kxd2 Bxd4 0-1

[Event "SR 3. liga A2 2014/2015"]
[Site "?"]
[Date "2015.02.22"]
[Round "9.3"]
[White "Bahna, Jan"]
[Black "Janas, Peter"]
[Result "1-0"]
[WhiteElo "1940"]
[BlackElo "1736"]
[PlyCount "93"]
[EventDate "2015.??.??"]

1. e4 c5 2. Nc3 d6 3. g3 Nc6 4. Bg2 Nf6 5. d3 g6 6. h3 Bg7 7. Nge2 a6 8. Be3
Qa5 9. Qd2 O-O 10. Bh6 Nd4 11. Bxg7 Kxg7 12. f4 Rb8 13. g4 b5 14. Ng3 Bb7 15.
g5 Nd7 16. h4 b4 17. Nd1 Qc7 18. c3 bxc3 19. bxc3 Nc6 20. Ne3 Nd8 21. Ng4 f5
22. exf5 Bxg2 23. Qxg2 Qa5 24. Qd2 Nf7 25. O-O Qc7 26. Rae1 Rfe8 27. Ne3 Qb7
28. fxg6 hxg6 29. f5 Nf8 30. Qf2 Ne5 31. fxg6 Nfxg6 32. Ngf5+ Kh8 33. Qe2 Kg8
34. Qh5 Rf8 35. Nh6+ Kg7 36. Nef5+ Rxf5 37. Nxf5+ Kg8 38. d4 cxd4 39. cxd4 e6
40. Nh6+ Kg7 41. dxe5 Nxe5 42. Rxe5 Qa7+ 43. Kh2 Rf8 44. Rf7+ Rxf7 45. Qxf7+
Qxf7 46. Nxf7 dxe5 47. Nxe5 1-0

[Event "SR 3. liga A2 2014/2015"]
[Site "?"]
[Date "2015.02.22"]
[Round "9.3"]
[White "Jancicka, Viliam"]
[Black "Krist, Milan"]
[Result "0-1"]
[WhiteElo "1757"]
[BlackElo "1913"]
[PlyCount "90"]
[EventDate "2015.??.??"]

1. d4 d5 2. Nf3 Nf6 3. Bf4 e6 4. e3 c5 5. Bb5+ Bd7 6. Bxd7+ Nbxd7 7. Nbd2 Qb6
8. Rb1 Rc8 9. c3 Be7 10. O-O O-O 11. Re1 Rfe8 12. h3 Bd6 13. Ne5 Qc7 14. Ndf3
Ne4 15. g3 h6 16. Nxd7 Qxd7 17. Bxd6 Qxd6 18. Kg2 c4 19. Ne5 b5 20. f3 f6 21.
fxe4 fxe5 22. dxe5 Qxe5 23. Qd4 Qxe4+ 24. Qxe4 dxe4 25. Rbd1 Rcd8 26. b3 Rd3
27. Rxd3 exd3 28. Rd1 Rf8 29. Rd2 Kf7 30. Kf3 Ke7+ 31. Ke4 Kd6 32. h4 e5 33. a3
Rf1 34. a4 a6 35. axb5 axb5 36. bxc4 bxc4 37. Ra2 Rc1 38. Ra6+ Kc7 39. Ra5 Rxc3
40. Kf3 Rc2 41. e4 Kd6 42. g4 d2 43. Ke2 c3 44. Rd5+ Ke6 45. g5 Rc1 0-1

[Event "SR 3. liga A2 2014/2015"]
[Site "?"]
[Date "2015.02.22"]
[Round "9.4"]
[White "Kavon, Rastislav"]
[Black "Spacek, Oliver"]
[Result "0-1"]
[WhiteElo "2153"]
[BlackElo "2011"]
[PlyCount "56"]
[EventDate "2015.??.??"]

1. e4 c5 2. Nf3 e6 3. d4 cxd4 4. Nxd4 a6 5. Nc3 b5 6. Bd3 Qb6 7. Nb3 Qc7 8. O-O
Bb7 9. f4 Nf6 10. Qe2 d6 11. a3 Nbd7 12. Be3 Be7 13. Rad1 Rc8 14. Bf2 h5 15.
Bh4 g6 16. e5 dxe5 17. fxe5 Ng4 18. Bg3 Ndxe5 19. Kh1 f5 20. Nd4 h4 21. Nxe6
hxg3 22. Nxc7+ Rxc7 23. Bxb5+ axb5 24. Qxb5+ Kf8 25. Rd8+ Bxd8 26. Nd5 Rxh2+
27. Kg1 Rch7 28. Qb4+ Kg8 0-1

[Event "SR 3. liga A2 2014/2015"]
[Site "?"]
[Date "2015.02.22"]
[Round "9.4"]
[White "Hecko, Dusan"]
[Black "Lukac, Tomas"]
[Result "1/2-1/2"]
[WhiteElo "2105"]
[BlackElo "2049"]
[PlyCount "89"]
[EventDate "2015.??.??"]

1. c4 Nf6 2. Nc3 e5 3. Nf3 Nc6 4. g3 d5 5. cxd5 Nxd5 6. Bg2 Nb6 7. O-O Be7 8.
d3 O-O 9. b3 Be6 10. Bb2 f6 11. Rc1 a5 12. Qc2 Qd7 13. Rfd1 Nb4 14. Qb1 a4 15.
a3 N4d5 16. b4 Nxc3 17. Bxc3 Bb3 18. Re1 Qe6 19. Nd2 Ba2 20. Qb2 Bd5 21. Bxd5
Nxd5 22. b5 c6 23. bxc6 bxc6 24. e4 Nxc3 25. Qxc3 Rfd8 26. Red1 Rab8 27. Rb1
Qd6 28. Qc4+ Kf8 29. Qxa4 Qxa3 30. Qxc6 Qxd3 31. Rxb8 Rxb8 32. Qc4 Qd7 33. Qd5
Qa4 34. Rc1 Rd8 35. Qc4 Qxc4 36. Nxc4 Bc5 37. Kf1 Bd4 38. Ke2 Ra8 39. Rc2 Ra6
40. h4 Kf7 41. h5 g6 42. hxg6+ hxg6 43. Nd2 f5 44. f3 Ra3 45. Nc4 1/2-1/2

[Event "SR 3. liga A2 2014/2015"]
[Site "?"]
[Date "2015.02.22"]
[Round "9.4"]
[White "Kozinka, Roman"]
[Black "Pericka, Tomas"]
[Result "1-0"]
[WhiteElo "2001"]
[BlackElo "2010"]
[PlyCount "77"]
[EventDate "2015.??.??"]

1. e4 c5 2. Nf3 Nc6 3. d4 cxd4 4. Nxd4 g6 5. Be3 Bg7 6. Nc3 Nf6 7. f3 O-O 8.
Qd2 d5 9. O-O-O dxe4 10. Nxc6 Qxd2+ 11. Bxd2 bxc6 12. fxe4 Ng4 13. Re1 Be6 14.
h3 Ne5 15. Bg5 Rfd8 16. Ba6 Rab8 17. Rd1 Rxd1+ 18. Rxd1 Bc4 19. Bxc4 Nxc4 20.
Rd7 Nxb2 21. Nd1 Nc4 22. Ne3 Nd6 23. Rxe7 Bf8 24. Rxa7 Nxe4 25. Bf4 Rd8 26. Ng4
g5 27. Be5 Re8 28. Nf6+ Nxf6 29. Bxf6 h6 30. Kd2 Re6 31. Bd4 Rd6 32. Kc3 Re6
33. Ra8 f5 34. Bc5 Rf6 35. Kd4 Kg7 36. Bxf8+ Rxf8 37. Rxf8 Kxf8 38. Ke5 f4 39.
Kf6 1-0

[Event "SR 3. liga A2 2014/2015"]
[Site "?"]
[Date "2015.02.22"]
[Round "9.4"]
[White "Nemeckay, Rastislav"]
[Black "Bango, Lukas"]
[Result "1/2-1/2"]
[WhiteElo "1985"]
[BlackElo "1917"]
[PlyCount "91"]
[EventDate "2015.??.??"]

1. e4 c5 2. Nf3 d6 3. d4 cxd4 4. Nxd4 Nf6 5. Nc3 a6 6. g3 e6 7. Bg2 Nbd7 8. O-O
Qc7 9. f4 Be7 10. Be3 O-O 11. Qe2 Rb8 12. f5 e5 13. Nb3 b5 14. a3 Bb7 15. g4
Nb6 16. g5 Nfd7 17. Nd2 f6 18. g6 Rfc8 19. gxh7+ Kh8 20. Kh1 Ba8 21. Rac1 Nf8
22. Rg1 Bd8 23. Qh5 Qd7 24. Bf3 d5 25. Bh6 gxh6 26. Rg8+ Kxh7 27. Rxf8 Kg7 28.
Rg1+ Kxf8 29. Qxh6+ Ke7 30. Rg7+ Kd6 31. Rxd7+ Kxd7 32. exd5 Be7 33. Nb3 Nc4
34. Nd1 Rh8 35. Qg7 Rhc8 36. Qf7 Rb6 37. Qh5 a5 38. Qh6 Rbb8 39. Qc1 a4 40. Nd2
Nd6 41. Ne3 Rh8 42. Ne4 Rh4 43. Nc3 Rbh8 44. Qd2 Bb7 45. Qf2 Bd8 46. Qg3
1/2-1/2

[Event "SR 3. liga A2 2014/2015"]
[Site "?"]
[Date "2015.02.22"]
[Round "9.4"]
[White "Mackovic, Matus"]
[Black "Ocko, Martin"]
[Result "1-0"]
[WhiteElo "1949"]
[BlackElo "1857"]
[PlyCount "125"]
[EventDate "2015.??.??"]

1. e4 e5 2. Nf3 Nc6 3. Bb5 a6 4. Bc4 Nf6 5. O-O Be7 6. Re1 b5 7. Bb3 O-O 8. c3
d5 9. exd5 Nxd5 10. Nxe5 Nxe5 11. Rxe5 Nf6 12. d4 Bd6 13. Re1 Ng4 14. g3 Nxh2
15. Kxh2 Qh4+ 16. Kg1 Bxg3 17. Qf3 Qh2+ 18. Kf1 Bh3+ 19. Ke2 Bg4 20. Qxg4 Qxf2+
21. Kd3 Qxe1 22. Bd2 Qf1+ 23. Qe2 Qf5+ 24. Qe4 Qxe4+ 25. Kxe4 Kh8 26. Kf3 Bd6
27. Be3 f5 28. Nd2 f4 29. Bf2 g5 30. Ne4 h6 31. Nxd6 cxd6 32. d5 h5 33. Bd4+
Kh7 34. Re1 Rae8 35. Bc2+ Kh6 36. Re6+ Rxe6 37. dxe6 g4+ 38. Kf2 Kg5 39. e7 Re8
40. Bb6 Kf6 41. Bd8 d5 42. a4 h4 43. axb5 axb5 44. Bd3 h3 45. Bxb5 g3+ 46. Kg1
Rxe7 47. Bc6 f3 48. Bxe7+ Kxe7 49. Bxd5 h2+ 50. Kh1 f2 51. Bg2 Kd6 52. b4 Kc7
53. c4 Kb6 54. c5+ Kb5 55. Bf1+ Kc6 56. Bc4 Kb7 57. b5 Kc7 58. Bf1 Kb7 59. Bg2+
Kc7 60. b6+ Kc8 61. c6 Kb8 62. c7+ Kc8 63. Bh3+ 1-0

[Event "SR 3. liga A2 2014/2015"]
[Site "?"]
[Date "2015.02.22"]
[Round "9.4"]
[White "Skapik, Branislav"]
[Black "Zarecky, Eduard"]
[Result "1-0"]
[WhiteElo "1822"]
[BlackElo "1913"]
[PlyCount "67"]
[EventDate "2015.??.??"]

1. Nf3 g6 2. g3 Bg7 3. Bg2 Nf6 4. d4 d5 5. Nc3 Nc6 6. O-O O-O 7. Re1 Bf5 8. Nh4
Bg4 9. h3 Be6 10. e3 Qd7 11. Kh2 Rae8 12. Nf3 Bf5 13. Ne5 Nxe5 14. dxe5 Ne4 15.
Nxe4 Bxe4 16. Bxe4 Bxe5 17. Qxd5 Qxd5 18. Bxd5 b6 19. f4 Bf6 20. e4 e6 21. Bc6
Rd8 22. e5 Be7 23. Be3 f6 24. Rad1 fxe5 25. fxe5 Bc5 26. Bxc5 bxc5 27. Kg2 Rb8
28. b3 Rf5 29. Bd7 Kf7 30. Rf1 Ke7 31. Rxf5 gxf5 32. Bc6 Rb6 33. Rd7+ Kf8 34.
Ba4 1-0

[Event "SR 3. liga A2 2014/2015"]
[Site "?"]
[Date "2015.02.22"]
[Round "9.4"]
[White "Mackovic, Miroslav"]
[Black "Spacek, Marcel"]
[Result "1-0"]
[WhiteElo "1846"]
[BlackElo "1690"]
[PlyCount "62"]
[EventDate "2015.??.??"]

1. e4 c5 2. Nf3 Nc6 3. d4 cxd4 4. Nxd4 Nf6 5. Nc3 e5 6. Ndb5 d6 7. Bg5 a6 8.
Na3 b5 9. Bxf6 gxf6 10. Nd5 Bg7 11. c3 f5 12. exf5 Bxf5 13. Be2 O-O 14. Nc2 Qg5
15. Nce3 Bg6 16. h4 Qd8 17. h5 Be4 18. Bf3 Bxf3 19. Qxf3 Qg5 20. Nc7 e4 21.
Qxe4 Qc5 22. O-O Rac8 23. Ncd5 Rce8 24. Qh4 Re6 25. Rad1 Ne5 26. Nf5 Kh8 27. h6
Bxh6 28. Nxh6 Rg6 29. Kh1 Qc4 30. Nf5 Qxa2 31. Nf4 Qxb2 1-0